Les 20 plus grandes villes de l'Ain sur une carte - Statistiques

Statistiques générales
  • Ce quiz a été pris 101 fois
  • Le résultat moyen est 10 sur 20
Réponses sur la Carte
Les réponses sont colorées sur une échelle allant du rouge au vert en fonction du pourcentage des utilisateurs qui les ont devinées à leur premier essai. Vous pouvez retrouver ces pourcentages ci-dessous.
 
Statistiques - réponses
Commune Population % Correct
Bourg-en-Bresse 42 065
100%
Oyonnax 22 378
94%
Ambérieu-en-Bugey 15 554
81%
Gex 13 455
75%
Belley 9 270
71%
Valserhône 16 162
65%
Miribel 10 450
53%
Ferney-Voltaire 11 530
52%
Divonne-les-Bains 10 300
51%
Péronnas 6 437
49%
Meximieux 8 198
45%
Viriat 6 955
45%
Montluel 6 879
39%
Saint-Genis-Pouilly 14 584
39%
Saint-Denis-lès-Bourg 6 078
37%
Trévoux 6 931
37%
Lagnieu 7 321
35%
Thoiry 6 356
30%
Prévessin-Moëns 9 081
24%
Jassans-Riottier 6 315
13%
Aucun quiz correspondant
Distribution des résultats
% des personnes avec chaque résultat
Percentile par nombre de réponses
Votre historique - résultats
Vous n’avez pas pris ce quiz